000 00663nam a2200217Ii 4500
003 JO-AjNU
008 230605s9999||||xx |||||||||||||| ||und||
017 _a1994/10871
020 _a977-02-4803-7
040 _aJO-AjNU
_bara
_erda
_cJO-AjNU
041 _aara
050 1 4 _aBF717.F37.1998
100 3 _aعثمان، فاروق السيد,
_eauthor
_936155
245 0 0 _aسيكولوجية اللعب والتعلم
264 3 1 _aالقاهرة:دار المعارف ،1998
300 _a163ص
336 _atext
_btxt
_2rdacontent
337 _aunmediated
_bn
_2rdamedia
338 _avolume
_bnc
_2rdacarrier
650 4 _aعلم نفس الطفل
_936156
999 _aA14995
_c18563
_d18563